000
00289nam a22001337a 4500
008
181009b xxu||||| |||| 00| 0 eng d
020
_a
9780323008433
041
_a
eng
080
_a
612.39
100
_a
10
101
_a
NUT
245
_a
Nutritional Care
_c
Moore, M.C
942
_2
udc
_c
BK
999
_c
49180
_d
49180